| 000 | 00973cam a22003137a 4500 | ||
|---|---|---|---|
| 003 | CHAP | ||
| 005 | 20220329140717.0 | ||
| 008 | 971013s1973 r 00010 d | ||
| 010 | _a56366 | ||
| 011 | _a57338 | ||
| 035 | _a61492 | ||
| 040 | _cCHAP | ||
| 082 |
_a080 _bS4 v.113 |
||
| 100 | 0 | 0 |
_aSierra, Augusto Santiago. _9105868 |
| 245 | 1 | 4 | _aLas misiones culturales, 1923-1973 |
| 260 |
_aMéxico, D.F. : _bSecretaría de Educación Pública, _c1973 |
||
| 300 | _a188 p. | ||
| 490 | 0 | _aSEP-Setentas, 113 | |
| 590 |
_aBATCH-UPD _b10 _c20130110 _lUCH01 _h0722 |
||
| 590 |
_aBATCH-UPD _b10 _c20130110 _lUCH01 _h2336 |
||
| 590 |
_aBATCH-UPD _b10 _c20130410 _lUCH01 _h0406 |
||
| 590 |
_aBATCH-UPD _b10 _c20130914 _lUCH01 _h1558 |
||
| 590 |
_aCONVERSION _b10 _c20130109 _lUCH01 _h1330 |
||
| 650 | 1 | 4 |
_aEducación fundamental. _935573 |
| 830 | 0 |
_aSEP-Setentas, 113 _9104439 |
|
| 901 | _aBK | ||
| 942 | _cLIBRO | ||
| 949 |
_a080 S4 v.113 _bBC _cLIBRO _d-132085 _eLIBRO _h29537 _i61492 _si |
||
| 999 |
_c56366 _d56366 |
||